[Event "TCh-TUR Super League 2014"]
[Site "Kocaeli TUR"]
[Date "2014.08.18"]
[Round "1.3"]
[Board "4"]
[White "Genc, Cihan Sevinc"]
[Black "Ertan, Can"]
[Result "0-1"]
[BlackTitle "FM"]
[WhiteElo "2213"]
[BlackElo "2246"]
[WhiteTeam "Turk Hava Yollari Spor Kulubu"]
[BlackTeam "Antalya Calli Spor Kulubu"]
[WhiteFideId "6304370"]
[BlackFideId "6306330"]
[EventDate "2014.08.18"]

1. d4 Nf6 2. c4 e6 3. Nf3 b6 4. Nc3 Bb4 5. Bg5 Bb7 6. Qc2 h6 7. Bh4 g5 8. Bg3
Ne4 9. e3 d6 10. Bd3 Bxc3+ 11. bxc3 f5 12. d5 Na6 13. Nd4 Nac5 14. Nxe6 Nxe6 15.
dxe6 Qf6 16. f3 Nxg3 17. hxg3 Rf8 18. O-O-O Qxe6 19. Qa4+ Kd8 20. e4 fxe4 21.
Rhe1 Qd7 22. Qxd7+ Kxd7 23. Bxe4 Bxe4 24. Rxe4 Rae8 25. Rde1 Rxe4 26. Rxe4 Rf5
27. g4 Rf4 28. Rd4 Rf8 29. Rd1 Re8 30. Kd2 Re5 31. Kd3 Ra5 32. Rd2 Kc6 33. g3 d5
34. f4 dxc4+ 35. Ke4 Rb5 36. f5 Rb1 37. f6 Rf1 38. Ke5 b5 39. Ke6 a5 40. f7 b4
41. Ke7 Kc5 42. cxb4+ axb4 43. f8=Q Rxf8 44. Kxf8 c3 45. Rf2 Kd4 46. Kg7 c5 47.
Kxh6 c4 48. Kxg5 b3 49. Rf4+ Kc5 50. axb3 cxb3 51. Rf5+ Kb4 52. Rf4+ Ka3 53. Rc4
c2 54. Kf6 b2 55. Rxc2 b1=Q 56. Rc3+ Ka2 57. Rf3 Qb8 58. Rf4 Qf8+ 59. Kg6 Qe8+
60. Kf6 Qd8+ 61. Kf5 Qd3+ 62. Kg5 Kb3 63. Kf6 Qxg3 64. Kf5 Qh3 65. Kg6 Qh4 66.
Kf5 Qh7+ 67. Kf6 Qh8+ 68. Kf5 Qf8+ 69. Kg5 Qg7+ 70. Kf5 Qh7+ 71. Kf6 Qh4+ 72.
Kf5 Qh3 73. Kf6 Qe3 74. Kf5 Qc5+ 75. Kf6 Qd6+ 76. Kf5 Kc3 77. g5 Kd3 78. g6 Ke3
79. Re4+ Kf3 80. Re5 Qf8+ 81. Ke6 Kf4 82. Rh5 Qg7 0-1

[Event "TCh-TUR Super League 2014"]
[Site "Kocaeli TUR"]
[Date "2014.08.18"]
[Round "1.3"]
[Board "5"]
[White "Sari, Yasin"]
[Black "Simsek, Cevdet"]
[Result "1/2-1/2"]
[WhiteElo "2076"]
[BlackElo "2086"]
[WhiteTeam "Antalya Calli Spor Kulubu"]
[BlackTeam "Turk Hava Yollari Spor Kulubu"]
[WhiteFideId "6320902"]
[BlackFideId "6305938"]
[EventDate "2014.08.18"]

1. e4 c6 2. d4 d5 3. e5 Bf5 4. Nd2 e6 5. Nb3 Nd7 6. Nf3 Qc7 7. Be2 Ne7 8. O-O h6
9. Bd2 g5 10. a4 Ng6 11. a5 f6 12. exf6 Nxf6 13. Ne5 Bd6 14. Bh5 Nxh5 15. Qxh5
Bxe5 16. dxe5 O-O-O 17. a6 b6 18. Nd4 Nxe5 19. Qe2 Rhe8 20. Rfe1 Ng4 21. g3 Nf6
22. Rac1 Bg4 23. f3 e5 24. Nxc6 Qxc6 25. fxg4 d4 26. Rf1 e4 27. Bb4 Qe6 28. Rf5
Nd5 29. Qc4+ Nc7 30. Qf1 Nd5 31. Qc4+ Nc7 32. Qf1 Nd5 1/2-1/2

[Event "TCh-TUR Super League 2014"]
[Site "Kocaeli TUR"]
[Date "2014.08.18"]
[Round "1.3"]
[Board "6"]
[White "Melia, Salome"]
[Black "Mammadova, Gulnar"]
[Result "1-0"]
[WhiteTitle "IM"]
[BlackTitle "WGM"]
[WhiteElo "2475"]
[BlackElo "2334"]
[WhiteTeam "Turk Hava Yollari Spor Kulubu"]
[BlackTeam "Antalya Calli Spor Kulubu"]
[WhiteFideId "13602446"]
[BlackFideId "13403508"]
[EventDate "2014.08.18"]

1. e4 g6 2. d4 Bg7 3. Nc3 c6 4. Bc4 d6 5. Nf3 Nf6 6. e5 dxe5 7. Nxe5 O-O 8. O-O
Nbd7 9. f4 Nb6 10. Bb3 Nbd5 11. Ne2 Ng4 12. Qd3 f6 13. Nxg4 Bxg4 14. Ng3 Be6 15.
f5 Bf7 16. Bd2 e6 17. fxg6 Bxg6 18. Qe2 Qd7 19. Rad1 f5 20. Kh1 b5 21. Bc1 Rae8
22. Nh5 Kh8 23. Nf4 a5 24. a4 b4 25. Rd3 Qa7 26. c4 bxc3 27. bxc3 Qb8 28. Nxg6+
hxg6 29. c4 Nb4 30. Rh3+ Kg8 31. Qf2 Qa7 32. Qg3 Qxd4 33. Qxg6 Qg4 34. Qh7+ Kf7
35. Bd1 Qd4 36. Bh5+ Ke7 37. Bg5+ Kd6 38. Rd1 Qxd1+ 39. Bxd1 Bd4 40. Bf4+ e5 41.
c5+ Kxc5 42. Qa7+ Kd5 43. Qxa5+ c5 44. Bd2 1-0

[Event "TCh-TUR Super League 2014"]
[Site "Kocaeli TUR"]
[Date "2014.08.18"]
[Round "1.3"]
[Board "7"]
[White "Sipahioglu, Irmak"]
[Black "Soysal, Serkan"]
[Result "0-1"]
[WhiteElo "2133"]
[BlackElo "2261"]
[WhiteTeam "Antalya Calli Spor Kulubu"]
[BlackTeam "Turk Hava Yollari Spor Kulubu"]
[WhiteFideId "6307205"]
[BlackFideId "6349250"]
[EventDate "2014.08.18"]

1. d4 Nf6 2. c4 g6 3. Nc3 d5 4. cxd5 Nxd5 5. e4 Nxc3 6. bxc3 Bg7 7. Bc4 O-O 8.
Ne2 Nc6 9. Be3 e5 10. O-O Qe7 11. f3 Na5 12. Bd3 c5 13. d5 c4 14. Bc2 f5 15. Qd2
f4 16. Bf2 Qd6 17. Rfb1 Bd7 18. Rb4 Rf7 19. Ba4 Bc8 20. Rab1 b6 21. Nc1 Bf8 22.
Qe2 Qd8 23. R4b2 Ba3 24. Rd2 Qd6 25. g4 fxg3 26. Bxg3 Bh3 27. Bd1 Raf8 28. Qe1
g5 29. Be2 g4 30. fxg4 Bc5+ 31. Kh1 Qg6 0-1

[Event "TCh-TUR Super League 2014"]
[Site "Kocaeli TUR"]
[Date "2014.08.18"]
[Round "1.3"]
[Board "8"]
[White "Ozturk, Hilal"]
[Black "Durmaz, Ayca Fatma"]
[Result "1-0"]
[BlackTitle "WCM"]
[WhiteElo "1816"]
[BlackElo "1867"]
[WhiteTeam "Turk Hava Yollari Spor Kulubu"]
[BlackTeam "Antalya Calli Spor Kulubu"]
[WhiteFideId "6315330"]
[BlackFideId "6317855"]
[EventDate "2014.08.18"]

1. e4 c5 2. c3 Nf6 3. e5 Nd5 4. d4 cxd4 5. Nf3 e6 6. cxd4 b6 7. Bc4 Bb7 8. O-O
Na6 9. Nbd2 Be7 10. Ne4 h6 11. a3 Qc7 12. Qd3 Nb8 13. Bd2 d6 14. Rac1 Nc6 15.
Bxd5 exd5 16. Nxd6+ Bxd6 17. exd6 Qxd6 18. Rfe1+ Kd8 19. b4 a6 20. b5 axb5 21.
Qxb5 Ra6 22. Bf4 Qd7 23. Rc3 Re8 24. Rec1 Re6 25. Qb2 f6 26. Rb3 Ke8 27. Rxb6
Rxb6 28. Qxb6 g5 29. Bc7 Bc8 30. h3 Ne7 31. Qb1 Re2 32. Qh7 Qe6 33. Qxh6 Kf7 34.
Qh5+ Kg7 35. Bd8 Ng6 36. Ne5 fxe5 37. Qxe2 e4 38. Qg4 Qxg4 39. hxg4 Bxg4 40.
Bxg5 Be2 41. Rc7+ Kg8 42. a4 1-0

[Event "TCh-TUR Super League 2014"]
[Site "Kocaeli TUR"]
[Date "2014.08.18"]
[Round "1.3"]
[Board "9"]
[White "Tasdogen, Dincer"]
[Black "Eren, Ataberk"]
[Result "1/2-1/2"]
[WhiteElo "1797"]
[BlackElo "1799"]
[WhiteTeam "Antalya Calli Spor Kulubu"]
[BlackTeam "Turk Hava Yollari Spor Kulubu"]
[WhiteFideId "6367097"]
[BlackFideId "6349765"]
[EventDate "2014.08.18"]

1. e4 e6 2. c4 d5 3. exd5 exd5 4. cxd5 Nf6 5. Bc4 Nxd5 6. Qb3 Qe7+ 7. Ne2 Nb6 8.
Nc3 Nxc4 9. Qxc4 Be6 10. Qa4+ Nc6 11. O-O O-O-O 12. a3 Kb8 13. d4 Qh4 14. Bf4
Qh5 15. Bg3 Qa5 16. Qxa5 Nxa5 17. Nb5 Bd6 18. Nxd6 cxd6 19. Rac1 Nc4 20. d5 Bxd5
21. Nf4 Nb6 22. Nxd5 Nxd5 23. Rfd1 Rc8 24. Bxd6+ Ka8 25. Kf1 Nb6 26. Be5 f6 27.
Bc3 Rhd8 28. Rxd8 Rxd8 29. Ba5 Rc8 30. Rxc8+ Nxc8 31. Ke2 b6 32. Bb4 Kb7 33. Ke3
Kc6 34. Ke4 g6 35. Bc3 Nd6+ 36. Kf4 Ne8 37. Ke4 Nd6+ 38. Kf4 Ne8 39. Ke4 Nd6+
40. Kf4 1/2-1/2

[Event "TCh-TUR Super League 2014"]
[Site "Kocaeli TUR"]
[Date "2014.08.18"]
[Round "1.3"]
[Board "10"]
[White "Kaymaz, Lena Nur"]
[Black "Altinoz, Fevziye Ece"]
[Result "1-0"]
[WhiteElo "1687"]
[BlackElo "1488"]
[WhiteTeam "Turk Hava Yollari Spor Kulubu"]
[BlackTeam "Antalya Calli Spor Kulubu"]
[WhiteFideId "6359990"]
[BlackFideId "6358942"]
[EventDate "2014.08.18"]

1. Nf3 Nf6 2. c4 g6 3. b3 Bg7 4. Bb2 d6 5. g3 Bg4 6. Bg2 Qc8 7. d3 Bh3 8. O-O
Bxg2 9. Kxg2 O-O 10. Nbd2 Nbd7 11. b4 c5 12. a3 b6 13. e3 Qb7 14. Kg1 Rfd8 15.
d4 cxd4 16. exd4 Re8 17. Re1 Rac8 18. Rc1 Bh6 19. d5 b5 20. cxb5 Rxc1 21. Qxc1
Qxb5 22. Qc4 Qxd5 23. Qxd5 Nxd5 24. Ne4 Rc8 25. Nd4 Bg7 26. Re2 f5 27. Ng5 Ne5
28. Nge6 Nd3 29. Nxg7 Nxb2 30. Ngxf5 gxf5 31. Rxb2 f4 32. Kg2 fxg3 33. hxg3 Rc4
34. Nf5 Kf8 35. Rb3 Nf6 36. Rf3 Kf7 37. Kh3 Re4 38. g4 Kg6 39. Nh4+ Kg7 40. Nf5+
Kg8 41. Nxe7+ Rxe7 42. Rxf6 Rd7 43. Rf4 Kg7 44. Kg3 d5 45. Rd4 Kf6 46. Kf4 Ke6
47. Ke3 Ke5 48. f4+ Ke6 49. f5+ Ke5 50. a4 Rc7 51. f6 Rc3+ 52. Rd3 Rxd3+ 53.
Kxd3 Kxf6 54. b5 Ke5 55. a5 Kd6 56. Kd4 h6 57. b6 axb6 58. axb6 Kc6 59. b7 Kxb7
60. Kxd5 Kc7 61. Ke6 Kd8 62. Kf6 Ke8 63. Kg6 Kf8 64. Kxh6 Kg8 65. g5 Kh8 66. g6
Kg8 67. g7 Kf7 68. Kh7 1-0

[Event "TCh-TUR Super League 2014"]
[Site "Kocaeli TUR"]
[Date "2014.08.18"]
[Round "1.4"]
[Board "1"]
[White "Mamedov, Nidjat"]
[Black "Ding, Liren"]
[Result "1/2-1/2"]
[WhiteTitle "GM"]
[BlackTitle "GM"]
[WhiteElo "2624"]
[BlackElo "2742"]
[WhiteTeam "Mersin Ezgi Satranc Kulubu"]
[BlackTeam "T.S. Alyans Satranc Spor Kulubu"]
[WhiteFideId "13400819"]
[BlackFideId "8603677"]
[EventDate "2014.08.18"]

1. e4 e5 2. Nf3 Nc6 3. Bb5 a6 4. Ba4 Nf6 5. O-O Be7 6. Re1 b5 7. Bb3 d6 8. c3
O-O 9. d4 Bg4 10. d5 Na5 11. Bc2 c6 12. dxc6 Qc7 13. Nbd2 Qxc6 14. Nf1 Nc4 15.
Ne3 Nxe3 16. Bxe3 h6 17. a4 Be6 18. Bc1 Rfb8 19. Nd2 Nd7 20. Nf1 Nc5 21. Ne3
bxa4 22. Nd5 Bd8 23. Bxa4 Nxa4 24. Rxa4 a5 25. c4 Bxd5 26. exd5 Qd7 27. b3 Bb6
28. Be3 Bxe3 29. Rxe3 Rb4 30. c5 dxc5 31. Rxe5 c4 32. Rxb4 axb4 33. bxc4 b3 34.
Qb1 Qc7 35. d6 Qxd6 36. Rb5 Qd4 37. Rxb3 Qxc4 1/2-1/2

[Event "TCh-TUR Super League 2014"]
[Site "Kocaeli TUR"]
[Date "2014.08.18"]
[Round "1.4"]
[Board "3"]
[White "Ataman, Alper Efe"]
[Black "Haznedaroglu, Kivanc"]
[Result "0-1"]
[WhiteTitle "FM"]
[BlackTitle "GM"]
[WhiteElo "2141"]
[BlackElo "2471"]
[WhiteTeam "Mersin Ezgi Satranc Kulubu"]
[BlackTeam "T.S. Alyans Satranc Spor Kulubu"]
[WhiteFideId "6301606"]
[BlackFideId "6300634"]
[EventDate "2014.08.18"]

1. d4 Nf6 2. c4 e5 3. dxe5 Ng4 4. Bf4 g5 5. Bg3 Bg7 6. e3 Nxe5 7. h4 g4 8. Nc3
h5 9. Rc1 d6 10. Nge2 Nbd7 11. Nf4 Nc5 12. b4 Ne6 13. Ne4 a5 14. b5 Nxf4 15.
Bxf4 Bf5 16. Bg5 f6 17. Ng3 Be6 18. Bf4 Qd7 19. Bxe5 fxe5 20. Bd3 O-O-O 21. Qc2
Kb8 22. Be4 Bf6 23. Qa4 b6 24. Bc6 Qe7 25. Bd5 Bc8 26. Ne4 Bxh4 27. Nd2 Bb7 28.
Bc6 Rdf8 29. Rf1 Bg5 30. Ke2 Qe6 31. Nb3 h4 32. Nxa5 bxa5 33. Qxa5 Rh7 34. Rc3
h3 35. gxh3 gxh3 36. Qa4 Qg4+ 37. Ke1 Rxf2 38. Rxf2 Bh4 39. Bxb7 Qg1+ 40. Kd2
Qxf2+ 41. Kd3 Qf1+ 42. Kc2 Kxb7 43. Qa6+ Kb8 44. b6 Qg2+ 45. Kc1 Qb7 46. bxc7+
Kxc7 47. Qa5+ Kd7 0-1

[Event "TCh-TUR Super League 2014"]
[Site "Kocaeli TUR"]
[Date "2014.08.18"]
[Round "1.4"]
[Board "4"]
[White "Yilmazyerli, Mert"]
[Black "Sengul, Cengiz"]
[Result "1-0"]
[WhiteTitle "FM"]
[WhiteElo "2454"]
[BlackElo "2201"]
[WhiteTeam "T.S. Alyans Satranc Spor Kulubu"]
[BlackTeam "Mersin Ezgi Satranc Kulubu"]
[WhiteFideId "6305962"]
[BlackFideId "6302785"]
[EventDate "2014.08.18"]

1. e4 e5 2. Nf3 Nc6 3. Bb5 a6 4. Ba4 Nf6 5. Qe2 d6 6. c3 Bd7 7. d4 Qe7 8. O-O g6
9. dxe5 Nxe5 10. Bxd7+ Nfxd7 11. Nxe5 Nxe5 12. Be3 Bg7 13. Bd4 f6 14. f4 Nc6 15.
Bf2 d5 16. Nd2 dxe4 17. Qxe4 O-O-O 18. Rad1 Qxe4 19. Nxe4 Rxd1 20. Rxd1 Re8 21.
Re1 Kb8 22. Kf1 f5 23. Ng5 Rxe1+ 24. Kxe1 h5 25. Nf3 Bf6 26. Bh4 Bxh4+ 27. Nxh4
Ne7 28. Nf3 Nc6 29. Kf2 Kc8 30. Kg3 Kd7 31. Kh4 Ne7 32. Ne5+ Ke6 33. Kg5 Nd5 34.
Nxg6 Ne3 35. Nh4 c5 36. Kxh5 Kf6 37. h3 Nd5 38. Ng6 c4 39. g4 b5 40. Kh6 a5 41.
g5+ Ke6 42. a3 Kd6 43. Nh4 Nxf4 44. g6 Ne6 45. Nxf5+ Ke5 46. Nd4 1-0

[Event "TCh-TUR Super League 2014"]
[Site "Kocaeli TUR"]
[Date "2014.08.18"]
[Round "1.4"]
[Board "5"]
[White "Hajiyev, Shahin"]
[Black "Arduman, Can"]
[Result "1-0"]
[BlackTitle "IM"]
[WhiteElo "2014"]
[BlackElo "2347"]
[WhiteTeam "Mersin Ezgi Satranc Kulubu"]
[BlackTeam "T.S. Alyans Satranc Spor Kulubu"]
[WhiteFideId "13401238"]
[BlackFideId "6300022"]
[EventDate "2014.08.18"]

1. d4 Nf6 2. c4 g6 3. Nc3 Bg7 4. e4 d6 5. f3 O-O 6. Be3 Nc6 7. Nge2 a6 8. Qd2
Bd7 9. Nc1 Nh5 10. Nb3 a5 11. Rc1 a4 12. Na1 a3 13. b3 e5 14. Nc2 f5 15. d5 Ne7
16. Bd3 Nf4 17. O-O Nxd3 18. Qxd3 f4 19. Bf2 g5 20. c5 h5 21. cxd6 cxd6 22. Nb5
Rf6 23. Ncxa3 Ng6 24. Rc7 Bxb5 25. Nxb5 Rxa2 26. Rfc1 Bf8 27. Rxb7 g4 28. Bb6
Qe8 29. Nc3 Ra3 30. Nb1 Ra2 31. Nc3 Ra3 32. Bf2 Qc8 33. Rb4 g3 34. Bb6 gxh2+ 35.
Kh1 Qb7 36. Qb5 Qg7 37. Bf2 Nh8 38. Ra4 Rxa4 39. bxa4 Rg6 40. Qf1 h4 41. Bxh4
Be7 42. Bxe7 Qxe7 43. a5 Qa7 44. a6 Kh7 45. Ra1 Rg8 46. Nd1 Qd4 47. Nf2 Ra8 48.
Ng4 Ng6 49. Ra2 Kg7 50. Qa1 Qb6 51. a7 Nf8 52. Ra6 Qc5 53. Nxh2 Nd7 54. Qg1 Qb4
55. g3 Kf7 56. gxf4 exf4 57. Ra2 Qb7 58. Rg2 Qxa7 59. Rg7+ Ke8 60. Qg6+ Kd8 61.
Qxd6 1-0

[Event "TCh-TUR Super League 2014"]
[Site "Kocaeli TUR"]
[Date "2014.08.18"]
[Round "1.4"]
[Board "6"]
[White "Wang, Jue"]
[Black "Oney, Gulumser"]
[Result "1-0"]
[WhiteTitle "WGM"]
[WhiteElo "2368"]
[BlackElo "1680"]
[WhiteTeam "T.S. Alyans Satranc Spor Kulubu"]
[BlackTeam "Mersin Ezgi Satranc Kulubu"]
[WhiteFideId "8604070"]
[BlackFideId "6343082"]
[EventDate "2014.08.18"]

1. e4 e6 2. d4 d5 3. Nc3 dxe4 4. Nxe4 Nd7 5. Nf3 Ngf6 6. Nxf6+ Nxf6 7. Be3 Be7
8. Bd3 O-O 9. Qe2 b6 10. O-O-O Bb7 11. Ne5 Qc8 12. Rhg1 c5 13. dxc5 Bxc5 14.
Bxc5 Qxc5 15. g4 Qb4 16. g5 Qf4+ 17. Kb1 Ne4 18. Nd7 Rfd8 19. Rg4 Qxf2 20. Rxe4
Qxe2 21. Rxe2 Bf3 22. Ba6 Bxe2 23. Bxe2 Rdc8 24. Bf3 g6 25. Nf6+ Kg7 26. Bxa8
Rxa8 27. Rd7 h6 28. h4 hxg5 29. hxg5 Rh8 30. c4 Rh4 31. Ne8+ Kf8 32. Nd6 Rf4 33.
Kc2 a6 34. b4 a5 35. bxa5 bxa5 36. c5 1-0

[Event "TCh-TUR Super League 2014"]
[Site "Kocaeli TUR"]
[Date "2014.08.18"]
[Round "1.4"]
[Board "7"]
[White "Iskandarov, Misratdin"]
[Black "Topak, Engin"]
[Result "0-1"]
[WhiteTitle "IM"]
[BlackTitle "FM"]
[WhiteElo "2397"]
[BlackElo "2208"]
[WhiteTeam "Mersin Ezgi Satranc Kulubu"]
[BlackTeam "T.S. Alyans Satranc Spor Kulubu"]
[WhiteFideId "13400312"]
[BlackFideId "6300324"]
[EventDate "2014.08.18"]

1. e4 c5 2. Nf3 Nc6 3. Bb5 g6 4. O-O Bg7 5. c3 Nf6 6. Re1 O-O 7. d3 d6 8. Nbd2
Bd7 9. Ba4 Rb8 10. h3 b5 11. Bb3 Ne8 12. Nf1 b4 13. d4 bxc3 14. bxc3 cxd4 15.
cxd4 Nc7 16. Bg5 Na5 17. Bc2 Ne6 18. Bh4 Bb5 19. Ne3 Qd7 20. Rb1 Rfe8 21. Nd5
Bf8 22. Nc3 a6 23. e5 d5 24. Nxb5 axb5 25. Ng5 Nxg5 26. Bxg5 e6 27. h4 Nc4 28.
Rb3 Be7 29. Qg4 b4 30. h5 Bxg5 31. Qxg5 Qe7 32. Qh6 Qf8 33. Qf4 Na3 34. Bd3 Qe7
35. Re3 g5 36. Rg3 h6 37. Qe3 Kh8 38. f4 Rg8 39. f5 exf5 40. Bxf5 Nc4 41. Qf2
Rgf8 42. Rgf3 f6 43. exf6 Rxf6 44. Bg6 Rbf8 45. Rxf6 Rxf6 46. Qg3 Rf4 47. Rb1
Qa7 48. Rd1 Rxd4 49. Rxd4 Qxd4+ 50. Kh2 Qe5 51. Bf7 Qxg3+ 52. Kxg3 Nb6 53. Kf3
Kg7 54. Be8 Kf6 55. Ke3 Ke5 56. Kd3 Nc4 57. g3 Nd6 58. Bd7 Ne4 59. Kc2 Nxg3 60.
Kb3 Kd6 61. Bg4 Ke5 0-1

[Event "TCh-TUR Super League 2014"]
[Site "Kocaeli TUR"]
[Date "2014.08.18"]
[Round "1.4"]
[Board "8"]
[White "Soydan, Busra"]
[Black "Ibrahimova, Sabina"]
[Result "0-1"]
[BlackTitle "WIM"]
[WhiteElo "1762"]
[BlackElo "2263"]
[WhiteTeam "T.S. Alyans Satranc Spor Kulubu"]
[BlackTeam "Mersin Ezgi Satranc Kulubu"]
[WhiteFideId "6318673"]
[BlackFideId "13403893"]
[EventDate "2014.08.18"]

1. e4 c5 2. Nf3 Nc6 3. Bb5 g6 4. O-O Bg7 5. Re1 e5 6. c3 Nge7 7. d3 O-O 8. Nbd2
d6 9. Ba4 a6 10. Bc2 h6 11. a4 Be6 12. Bb3 d5 13. exd5 Nxd5 14. Nc4 Qc7 15. Qc2
Rad8 16. Be3 b6 17. Rad1 Rd7 18. h4 Rfd8 19. Bc1 b5 20. axb5 axb5 21. Na3 Ndb4
22. cxb4 Nxb4 23. Qe2 Bxb3 24. Rd2 Nxd3 25. Rxd3 Rxd3 26. Nxb5 Qd7 27. Nc3 Bd1
28. Nxe5 Bxe2 29. Nxd7 Bxc3 30. bxc3 R8xd7 0-1

[Event "TCh-TUR Super League 2014"]
[Site "Kocaeli TUR"]
[Date "2014.08.18"]
[Round "1.4"]
[Board "9"]
[White "Oner, Oguz"]
[Black "Can, Melih Kaan"]
[Result "1/2-1/2"]
[WhiteElo "1787"]
[BlackElo "2034"]
[WhiteTeam "Mersin Ezgi Satranc Kulubu"]
[BlackTeam "T.S. Alyans Satranc Spor Kulubu"]
[WhiteFideId "6329330"]
[BlackFideId "6317383"]
[EventDate "2014.08.18"]

1. d4 Nf6 2. c4 c5 3. d5 e6 4. Nc3 exd5 5. cxd5 d6 6. Nf3 g6 7. Nd2 Nbd7 8. e4
a6 9. a4 Bg7 10. Be2 O-O 11. O-O Re8 12. Ra3 Qc7 13. h3 c4 14. Qc2 Nc5 15. Bxc4
Ncxe4 16. Ncxe4 Nxe4 17. Nxe4 Bf5 18. Re3 Rec8 19. Rfe1 b5 20. Bd3 Qxc2 21. Bxc2
Rxc2 22. Nxd6 Bxb2 23. Nxf5 Rxc1 24. Ne7+ Kf8 25. axb5 axb5 26. Nc6 Rxe1+ 27.
Rxe1 Ra1 28. Kf1 Rxe1+ 29. Kxe1 Ke8 30. Kd2 Kd7 31. Kc2 Bf6 32. Na7 Kd6 33.
Nxb5+ Kxd5 34. Kd3 Be5 35. Na3 f5 36. Nc4 Bc7 37. Nd2 1/2-1/2

[Event "TCh-TUR Super League 2014"]
[Site "Kocaeli TUR"]
[Date "2014.08.18"]
[Round "1.4"]
[Board "10"]
[White "Ozbay, Ece"]
[Black "Mutlu, Beste"]
[Result "1-0"]
[WhiteElo "1611"]
[BlackElo "1629"]
[WhiteTeam "T.S. Alyans Satranc Spor Kulubu"]
[BlackTeam "Mersin Ezgi Satranc Kulubu"]
[WhiteFideId "6351743"]
[BlackFideId "6325050"]
[EventDate "2014.08.18"]

1. e4 d6 2. d4 Nf6 3. Nc3 e5 4. dxe5 dxe5 5. Qxd8+ Kxd8 6. Bc4 Ke8 7. Nf3 Bd6 8.
Bg5 a6 9. a4 Kf8 10. Bxf6 gxf6 11. O-O-O Be6 12. Bb3 Nd7 13. Nd5 Nc5 14. Rhe1
Nxb3+ 15. cxb3 h5 16. Kc2 Kg7 17. Nh4 Rad8 18. Re3 Bxd5 19. Rxd5 Bb4 20. Red3
Rxd5 21. Rxd5 Re8 22. Rd7 Ba5 23. Nf5+ Kg6 24. Ne7+ Kg7 25. Nd5 Re6 26. b4 Bb6
27. a5 Bxf2 28. Rxc7 Rc6+ 29. Rxc6 bxc6 30. Nc7 c5 31. bxc5 Bxc5 32. Nxa6 Bd4
33. b4 f5 34. Nc5 fxe4 35. a6 e3 36. a7 e2 37. Kd2 1-0

[Event "TCh-TUR Super League 2014"]
[Site "Kocaeli TUR"]
[Date "2014.08.18"]
[Round "1.5"]
[Board "1"]
[White "Artemiev, Vladislav"]
[Black "Mchedlishvili, Mikheil"]
[Result "1-0"]
[WhiteTitle "GM"]
[BlackTitle "GM"]
[WhiteElo "2650"]
[BlackElo "2618"]
[WhiteTeam "Istanbul Teknik Universitesi Socar – K.N.I."]
[BlackTeam "Tarsus Zeka Satranc Kulubu"]
[WhiteFideId "24101605"]
[BlackFideId "13600966"]
[EventDate "2014.08.18"]

1. e4 c5 2. Nf3 d6 3. d4 cxd4 4. Qxd4 a6 5. h3 Nf6 6. c4 e6 7. Be2 Be7 8. O-O
O-O 9. Nc3 Qc7 10. Rd1 Nbd7 11. b3 b6 12. Ba3 Nc5 13. e5 dxe5 14. Qxe5 Qa7 15.
Qe3 Bb7 16. Ne5 Rfd8 17. Na4 a5 18. Bf3 Rxd1+ 19. Rxd1 Rc8 20. Nc3 Bxf3 21. Qxf3
Qc7 22. Bb2 Rd8 23. Rxd8+ Qxd8 24. Nc6 Qd7 25. Nxe7+ Qxe7 26. Qc6 Nd3 27. Ba1
Nd7 28. Na4 Qg5 29. Qd6 Nf8 30. Qxd3 1-0

[Event "TCh-TUR Super League 2014"]
[Site "Kocaeli TUR"]
[Date "2014.08.18"]
[Round "1.5"]
[Board "2"]
[White "Miroshnichenko, Evgenij"]
[Black "Can, Emre"]
[Result "1/2-1/2"]
[WhiteTitle "GM"]
[BlackTitle "GM"]
[WhiteElo "2602"]
[BlackElo "2529"]
[WhiteTeam "Tarsus Zeka Satranc Kulubu"]
[BlackTeam "Istanbul Teknik Universitesi Socar – K.N.I."]
[WhiteFideId "14102595"]
[BlackFideId "6302181"]
[EventDate "2014.08.18"]

1. Nf3 Nf6 2. c4 e6 3. g3 d5 4. b3 d4 5. Bg2 c5 6. O-O Nc6 7. e3 Be7 8. exd4
cxd4 9. d3 O-O 10. a3 a5 11. Re1 Re8 12. Ra2 Nd7 13. Rae2 Nc5 14. Qc2 Bd7 15.
Nbd2 Qb6 16. Bb2 Bf6 17. Ne4 Nxe4 18. Rxe4 e5 19. Nd2 g6 20. Rb1 Nb8 21. Ree1
Na6 22. Bc1 Bc6 23. Ne4 Be7 24. f3 f5 25. Nf2 Bd6 26. Qb2 Qc5 27. Qd2 b6 28. Bb2
Bb7 29. Re2 Re7 30. Rbe1 Rae8 31. Bc1 Qc8 32. Qg5 Qa8 33. g4 Rg7 34. gxf5 gxf5
35. Qxf5 Nc5 36. Ng4 Rf8 37. Nf6+ Rxf6 38. Qxf6 Nxd3 39. Qxd6 Rg6 40. Rxe5 Rxd6
41. Re8+ Qxe8 42. Rxe8+ Kf7 43. Rb8 Nxc1 44. Rxb7+ Kf6 45. f4 d3 46. Rxh7 Kf5
47. Bf3 Kxf4 48. Kf2 d2 49. Rh4+ Kg5 50. Rh5+ Kf4 51. Rh4+ Kg5 52. Rh5+ 1/2-1/2

[Event "TCh-TUR Super League 2014"]
[Site "Kocaeli TUR"]
[Date "2014.08.18"]
[Round "1.5"]
[Board "3"]
[White "Gurevich, Mikhail"]
[Black "Yurtseven, Ahmet Can"]
[Result "1-0"]
[WhiteTitle "GM"]
[BlackTitle "FM"]
[WhiteElo "2571"]
[BlackElo "2289"]
[WhiteTeam "Istanbul Teknik Universitesi Socar – K.N.I."]
[BlackTeam "Tarsus Zeka Satranc Kulubu"]
[WhiteFideId "200930"]
[BlackFideId "6300081"]
[EventDate "2014.08.18"]

1. d4 Nf6 2. c4 c5 3. d5 e6 4. Nc3 exd5 5. cxd5 d6 6. e4 g6 7. Nge2 Bg7 8. Ng3
O-O 9. Be2 a6 10. a4 Re8 11. O-O Qc7 12. f3 b6 13. Be3 Nbd7 14. Qd2 h5 15. Nh1
Rb8 16. Nf2 Ne5 17. Rfc1 Qe7 18. Rab1 Qf8 19. b4 Ra8 20. bxc5 bxc5 21. a5 h4 22.
Na4 Ned7 23. Rb3 Nh7 24. Nb2 Rb8 25. Rxb8 Nxb8 26. Nc4 Nd7 27. Nd3 f5 28. Nf4
fxe4 29. Ne6 Qe7 30. Bf4 exf3 31. Bxf3 Ne5 32. Bxe5 Bxe5 33. Nxe5 dxe5 34. d6
Qa7 35. Nc7 Rf8 36. Qd5+ Rf7 37. Qxe5 c4+ 38. Kh1 Bb7 39. Bd5 Bxd5 40. Nxd5 Nf8
41. Nf6+ 1-0